000 00522nam a2200181Ia 4500
001 12166
003 IN-NITTTR
005 20251114233114.0
008 251113s9999||||xx |||||||||||||| ||eng||
040 _beng
040 _cIN-NITTTR
041 _aeng
082 _a301.35 M289R
100 _aMajumdar, Prasanta S.
245 0 _aRural migrants in urban setting (A case study of two shanty colonies in the capital city of India) /
_cMajumdar, Prasanta S., Majumdar, Ila
700 _a Majumdar, Ila
942 _2ddc
_cBK
999 _c14802
_d14802